<?xml version="1.0" encoding="UTF-8"?>
<record
    xmlns:xsi="http://www.w3.org/2001/XMLSchema-instance"
    xsi:schemaLocation="http://www.loc.gov/MARC21/slim http://www.loc.gov/standards/marcxml/schema/MARC21slim.xsd"
    xmlns="http://www.loc.gov/MARC21/slim">

  <leader>00686cam a2200253 i 4500</leader>
  <controlfield tag="001">1145985</controlfield>
  <controlfield tag="003">YEEZEN</controlfield>
  <controlfield tag="005">20250729150840.0</controlfield>
  <controlfield tag="008">250221s2025    ch a   g      000 0 chi d</controlfield>
  <datafield tag="020" ind1=" " ind2=" ">
    <subfield code="a">9786264192033</subfield>
    <subfield code="q">(&#x5E73;&#x88DD;) :</subfield>
    <subfield code="c">NT$420</subfield>
  </datafield>
  <datafield tag="040" ind1=" " ind2=" ">
    <subfield code="a">PTTCL</subfield>
    <subfield code="b">chi</subfield>
    <subfield code="c">PTTCL</subfield>
  </datafield>
  <datafield tag="042" ind1=" " ind2=" ">
    <subfield code="a">nbic</subfield>
  </datafield>
  <datafield tag="084" ind1=" " ind2=" ">
    <subfield code="a">719</subfield>
    <subfield code="2">ncsclt</subfield>
  </datafield>
  <datafield tag="090" ind1=" " ind2=" ">
    <subfield code="a">719</subfield>
  </datafield>
  <datafield tag="100" ind1="1" ind2=" ">
    <subfield code="a">&#x6C88;&#x660C;&#x8CE2;</subfield>
  </datafield>
  <datafield tag="245" ind1="1" ind2="0">
    <subfield code="a">&#x9084;&#x597D;, &#x6211;&#x5E36;&#x5ABD;&#x5ABD;&#x53BB;&#x770B;&#x4E86;&#x4E16;&#x754C; /</subfield>
    <subfield code="c">&#x6C88;&#x660C;&#x8CE2;(Vocal)&#x8457;</subfield>
  </datafield>
  <datafield tag="250" ind1=" " ind2=" ">
    <subfield code="a">&#x521D;&#x7248;</subfield>
  </datafield>
  <datafield tag="260" ind1=" " ind2=" ">
    <subfield code="a">&#x81FA;&#x5317;&#x5E02; :</subfield>
    <subfield code="b">&#x6642;&#x5831;&#x6587;&#x5316;,</subfield>
    <subfield code="c">2025.02</subfield>
  </datafield>
  <datafield tag="300" ind1=" " ind2=" ">
    <subfield code="a">254, [1] &#x9762; :</subfield>
    <subfield code="b">&#x5F69;&#x5716; ;</subfield>
    <subfield code="c">21 &#x516C;&#x5206;</subfield>
  </datafield>
  <datafield tag="490" ind1="0" ind2=" ">
    <subfield code="a">Across ;</subfield>
    <subfield code="v">083.</subfield>
  </datafield>
  <datafield tag="650" ind1=" " ind2="7">
    <subfield code="a">&#x65C5;&#x904A;&#x6587;&#x5B78;</subfield>
    <subfield code="2">lcstt.</subfield>
  </datafield>
  <datafield tag="650" ind1=" " ind2="7">
    <subfield code="a">&#x4E16;&#x754C;&#x5730;&#x7406;</subfield>
    <subfield code="2">lcstt.</subfield>
  </datafield>
  <datafield tag="942" ind1=" " ind2=" ">
    <subfield code="2">ccl</subfield>
    <subfield code="c">BOOK</subfield>
  </datafield>
  <datafield tag="999" ind1=" " ind2=" ">
    <subfield code="c">7669</subfield>
    <subfield code="d">7669</subfield>
  </datafield>
  <datafield tag="952" ind1=" " ind2=" ">
    <subfield code="0">0</subfield>
    <subfield code="1">0</subfield>
    <subfield code="2">ccl</subfield>
    <subfield code="4">0</subfield>
    <subfield code="7">0</subfield>
    <subfield code="a">yeezen</subfield>
    <subfield code="b">yeezen</subfield>
    <subfield code="c">YEEZEN</subfield>
    <subfield code="d">2025-07-29</subfield>
    <subfield code="l">4</subfield>
    <subfield code="m">1</subfield>
    <subfield code="o">719</subfield>
    <subfield code="p">C03255</subfield>
    <subfield code="r">2025-10-23 00:00:00</subfield>
    <subfield code="s">2025-10-13</subfield>
    <subfield code="w">2025-07-29</subfield>
    <subfield code="y">BOOK</subfield>
    <subfield code="z">&#x5728;&#x9019;&#x6BB5;&#x8207;&#x6BCD;&#x89AA;&#x671D;&#x5915;&#x76F8;&#x8655;&#x7684;&#x904E;&#x7A0B;&#x4E2D;,Vocal&#x9762;&#x81E8;&#x4E86;&#x4E16;&#x4EE3;&#x50F9;&#x503C;&#x89C0;&#x885D;&#x64CA;,&#x4EE5;&#x53CA;&#x8207;&#x9577;&#x8F29;&#x51FA;&#x904A;&#x7684;&#x96E3;&#x984C;,&#x4F46;&#x662F;&#x655E;&#x958B;&#x5FC3;&#x80F8;&#x5C0D;&#x8A71;&#x4E4B;&#x5F8C;&#x767C;&#x73FE;,&#x795E;&#x5ABD;&#x5ABD;&#x662F;&#x4F4D;&#x9ED8;&#x5951;&#x5341;&#x8DB3;&#x7684;&#x795E;&#x968A;&#x53CB;&#x3002;&#x4E00;&#x8DEF;&#x4E0A;,&#x4ED6;&#x5011;&#x7528;&#x597D;&#x5947;&#x5FC3;&#x8FCE;&#x63A5;&#x5404;&#x7A2E;&#x7A81;&#x5982;&#x5176;&#x4F86;&#x7684;&#x6311;&#x6230;,&#x7528;&#x5FC3;&#x9748;&#x53BB;&#x611F;&#x53D7;&#x65E5;&#x5E38;&#x5FAE;&#x5C0F;&#x7684;&#x5E78;&#x798F;,&#x91CD;&#x65B0;&#x627E;&#x56DE;&#x7AE5;&#x5FC3;,&#x4E26;&#x4E14;&#x5728;&#x65C5;&#x9014;&#x4E2D;&#x5275;&#x9020;&#x5C6C;&#x65BC;&#x81EA;&#x5DF1;&#x7684;&#x52D5;&#x4EBA;&#x6545;&#x4E8B;&#x548C;&#x56DE;&#x61B6;&#x2026;&#x2026;</subfield>
  </datafield>
</record>
